[Event "Medellin Flores op 23rd"]
[Site "Medellin"]
[Date "2016.08.04"]
[Round "3"]
[White "Tovio, Israel"]
[Black "Valle, Efrain"]
[Result "1/2-1/2"]
[WhiteElo "2305"]
[BlackElo "2063"]
[PlyCount "134"]
[EventDate "2016.08.03"]
[EventType "swiss"]
[EventRounds "9"]
[EventCountry "COL"]
[SourceTitle "CBM 173 Extra"]
[Source "ChessBase"]
[SourceDate "2016.08.29"]
[SourceVersion "1"]
[SourceVersionDate "2016.08.29"]
[SourceQuality "1"]

1. e4 c5 2. Nf3 e6 3. d3 Nc6 4. g3 d6 5. Bg2 Nf6 6. 0-0 Be7 7. Ne1 Qc7 8. f4 Rb8 9. c3 b5 10. Be3 b4 11. d4 bxc3 12. bxc3 cxd4 13. cxd4 e5 14. Nc3 exd4 15. Bxd4 Nxd4 16. Qxd4 0-0 17. Rc1 Qa5 18. Nd3 Ba6 19. Rfd1 Bd8 20. Kh1 Bxd3 21. Qxd3 Bb6 22. Bf3 Rfd8 23. Qb5 Qa3 24. Qa4 Bc5 25. Qxa3 Bxa3 26. Rb1 Bb4 27. Rb3 Bxc3 28. Rxc3 Ne8 29. Ra3 Rdc8 30. Rxa7 Rc3 31. Bg2 Nf6 32. Kg1 Ng4 33. h3 Ne3 34. Rd2 h5 35. Kh2 Rb1 36. Ra8+ Kh7 37. Re2 Nf1+ 38. Bxf1 Rxf1 39. Ra5 g6 40. h4 Rff3 41. Rg2 Rfe3 42. e5 dxe5 43. fxe5 Rf3 44. Rd5 Rce3 45. Ra5 Kg7 46. Rb5 Rf5 47. a4 Rfxe5 48. Rxe5 Rxe5 49. Ra2 Ra5 50. Kg2 Kf6 51. Kf3 Kf5 52. Ra3 f6 53. Ra1 g5 54. Ra2 Ke5 55. Ra1 Kf5 56. Ra3 Ke5 57. Re3+ Kf5 58. Re4 Rc5 59. Rb4 Rc3+ 60. Kf2 Rc2+ 61. Ke3 Rc3+ 62. Kf2 Ra3 63. Rd4 Ke5 64. Rb4 Ra2+ 65. Ke3 Ra3+ 66. Kf2 Kf5 67. Rc4 Ke5 1/2-1/2